Datum a čas kvízu

31.5 Celkem bodů Celkový počet nahraných bodů na tomto kvízu bez doplňovacích otázek.
8. Pořadí na kvízu Konečné umístění týmu na tomto kvízu.

Zaznamenané odpovědi

# Otázka Odpověď Body Výsledky
1. Pražští zastupitelé schválili... luskoun 1
2. Jediná letadlová loď ruského n... Kuzněcov 1
3. V pondělí nás ve věku 61 let o... Marie Fredriksson, Per Gessle 0.5
4. Moneta Money Bank podepsala sm... Wüstenrot 0
5. Jak se jmenuje slovenská lyžař... Petra Vlhová 1
6. Plzeňské Odumřelé buňky se v l... vchod 1
7. "Dám vám hádanku a když ji uhá... kamizola 1
8. Ty knedlíky připomínají vajíčk... mořské želvy 1
9. „Prase počká. Ty jsi přednější... Pandrholo 0
10. "Žvejka to je hrozný hnus, žve... Willy Wonka 0